000
00266nam a2200109Ia 4500
008
200302s9999 xx 000 0 und d
100
_a
Philip Jodidio
245
_a
100 Contemporary Architects A-I
260
_b
Taschen Verlag Gmbh
260
_c
2008
300
_a
407 P.,
999
_c
2577
_d
2577